000 00441nam a22001697a 4500
005 20160701152027.0
008 160701b xxu||||| |||| 00| 0 eng d
020 _a978-81-219-397-3
041 _aeng
082 _b20642
100 _aRajput, R K
_93270
245 _aNon conventional Energy source & utilization
260 _aNew Delhi
_bSultan Chand & Sons,
_c2014
300 _a428
650 _aDiploma Engineering
_9817
942 _cBK
999 _c5108
_d5106